[Event "XVI Festival Conca della Presolana A"]
[Site "Bratto - Castione della Presolana ITA"]
[Date "1996.08.23"]
[Round "2"]
[White "Castaldo, Folco"]
[Black "Everet, Alexandro"]
[Result "1-0"]
[WhiteElo "1987"]
[BlackElo "2130"]
[PlyCount "47"]
[EventDate "1996.08.22"]

1. e4 c5 2. c3 e6 3. d4 cxd4 4. cxd4 d5 5. e5 Nc6 6. Nf3 Bd7 7. Be3 Bb4+ 8. Nc3
Nge7 9. Be2 h6 10. O-O Nf5 11. Rc1 g5 12. h3 Be7 13. g4 h5 14. gxf5 exf5 15.
Kh2 f4 16. Bxf4 Bxh3 17. Kxh3 g4+ 18. Kg2 gxf3+ 19. Kxf3 Qd7 20. Ke3 a6 21. Rh1
Bc5 22. Nxd5 Qxd5 23. Rxc5 Qxa2 24. Qc2 1-0

[Event "XVI Festival Conca della Presolana A"]
[Site "Bratto - Castione della Presolana ITA"]
[Date "1996.08.23"]
[Round "2"]
[White "Ceresoli, Luigi"]
[Black "Piva, Giorgio"]
[Result "0-1"]
[WhiteElo "2087"]
[BlackElo "2170"]
[PlyCount "112"]
[EventDate "1996.08.22"]

1. e4 c5 2. c3 Nf6 3. e5 Nd5 4. d4 cxd4 5. cxd4 e6 6. Nc3 Nxc3 7. bxc3 Qc7 8.
Bd2 Be7 9. Bd3 b6 10. Qg4 g6 11. h4 h5 12. Qe2 Bb7 13. Nf3 d6 14. O-O Nd7 15.
exd6 Qxd6 16. c4 O-O 17. Rad1 Bf6 18. Rfe1 Bg7 19. Bc3 Qf4 20. Be4 Bxe4 21.
Qxe4 Qxe4 22. Rxe4 Nf6 23. Re2 Rfc8 24. d5 exd5 25. Bxf6 Bxf6 26. cxd5 Rd8 27.
d6 Rd7 28. Ne5 Bxe5 29. Rxe5 Rad8 30. Red5 Kg7 31. f4 Kf6 32. Kf2 Rc8 33. R1d2
Rc3 34. g3 Rc5 35. R5d4 Kf5 36. R4d3 f6 37. Kf3 Rc6 38. Rd5+ Ke6 39. f5+ gxf5
40. R5d3 Rcxd6 41. Re3+ Kf7 42. Rc2 Rd3 43. Rc8 Rxe3+ 44. Kxe3 Kg6 45. Rg8+ Rg7
46. Rc8 Re7+ 47. Kf3 Re4 48. Rg8+ Kh7 49. Rf8 Kg7 50. Rc8 Ra4 51. Rc2 Kg6 52.
Rb2 Ra5 53. Kf4 b5 54. Kf3 a6 55. Ke3 Ra4 56. Kf3 f4 0-1

[Event "XVI Festival Conca della Presolana A"]
[Site "Bratto - Castione della Presolana ITA"]
[Date "1996.08.23"]
[Round "2"]
[White "Cugini, Verter"]
[Black "Oppici, Gabriele"]
[Result "1-0"]
[WhiteElo "2255"]
[BlackElo "2055"]
[PlyCount "91"]
[EventDate "1996.08.22"]

1. e4 g6 2. d4 Bg7 3. g3 d5 4. e5 f6 5. Bg2 c6 6. f4 Nh6 7. Nf3 Bg4 8. c3 Nd7
9. O-O Qb6 10. Qb3 Bxf3 11. Rxf3 f5 12. h3 e6 13. Be3 O-O 14. Nd2 Rfc8 15. Rff1
Bf8 16. Kh2 Qc7 17. c4 b6 18. Rfc1 Qd8 19. Rc3 a5 20. a3 a4 21. Qc2 b5 22. cxb5
cxb5 23. Rc1 Nb6 24. Rxc8 Rxc8 25. Qd1 Rxc1 26. Qxc1 Nc4 27. Nxc4 bxc4 28. Bf3
Qa5 29. Bd2 Qb6 30. Bc3 Nf7 31. Bd1 g5 32. Bxa4 Bh6 33. Qd2 Qd8 34. Qf2 Bf8 35.
Bd1 Be7 36. Bh5 Nh6 37. Bd1 Qb8 38. Qc2 Qf8 39. Bd2 Nf7 40. Qa4 Qh6 41. Qe8+
Bf8 42. a4 gxf4 43. Bxf4 Qg6 44. a5 Kg7 45. a6 Ng5 46. Qxg6+ 1-0

[Event "XVI Festival Conca della Presolana A"]
[Site "Bratto - Castione della Presolana ITA"]
[Date "1996.08.23"]
[Round "2"]
[White "Di Lazzaro, Gabriele"]
[Black "Eynard, Valdo"]
[Result "0-1"]
[WhiteElo "2095"]
[BlackElo "1975"]
[PlyCount "66"]
[EventDate "1996.08.22"]

1. Nf3 d5 2. g3 Nf6 3. Bg2 g6 4. b3 Bg7 5. Bb2 c5 6. c4 e6 7. O-O O-O 8. d3 Nc6
9. Nc3 b6 10. Ng5 Bb7 11. cxd5 Nxd5 12. Nge4 f5 13. Nxd5 Bxb2 14. Rb1 exd5 15.
Nxc5 bxc5 16. Rxb2 Rc8 17. a3 Qd6 18. Qd2 Rc7 19. Qh6 Ne5 20. Rc1 d4 21. Bh3
Qd5 22. f3 Nf7 23. Qd2 Qe5 24. Qe1 Re8 25. Bg2 Qe3+ 26. Kf1 Ne5 27. Qd1 g5 28.
Rbc2 Ba6 29. Rd2 f4 30. b4 fxg3 31. hxg3 Rf8 32. a4 Ng4 33. Qb3+ c4 0-1

[Event "XVI Festival Conca della Presolana A"]
[Site "Bratto - Castione della Presolana ITA"]
[Date "1996.08.23"]
[Round "2"]
[White "Dinser, Hans"]
[Black "Mione, Dario"]
[Result "0-1"]
[WhiteElo "2165"]
[BlackElo "2149"]
[PlyCount "48"]
[EventDate "1996.08.22"]

1. d4 d5 2. c4 e5 3. dxe5 d4 4. Nf3 Nc6 5. g3 Bf5 6. Bg2 Qd7 7. O-O O-O-O 8. a3
f6 9. exf6 Nxf6 10. Nbd2 Bh3 11. b4 Bxg2 12. Kxg2 g5 13. b5 g4 14. Nh4 Ne5 15.
Qb3 Ng6 16. Nxg6 hxg6 17. Rh1 d3 18. e3 Qf5 19. Bb2 Ne4 20. Nxe4 Qxe4+ 21. Kg1
Rh3 22. Bd4 Rd7 23. Rd1 Rdh7 24. Qxd3 Qxh1+ 0-1

[Event "XVI Festival Conca della Presolana A"]
[Site "Bratto - Castione della Presolana ITA"]
[Date "1996.08.23"]
[Round "2"]
[White "Drazic, Sinisa"]
[Black "Genocchio, Daniele"]
[Result "1-0"]
[WhiteElo "2475"]
[BlackElo "2131"]
[PlyCount "61"]
[EventDate "1996.08.22"]

1. c4 f5 2. Nf3 Nf6 3. g3 e6 4. Bg2 d5 5. O-O c6 6. b3 Bd6 7. Bb2 O-O 8. d4 Qe7
9. Ne5 Bd7 10. Nd2 Be8 11. Ndf3 Bh5 12. Qc2 Ne4 13. Nd3 f4 14. Nfe5 fxg3 15.
fxg3 Nf6 16. Nf4 Be8 17. Bh3 Bf7 18. Nxf7 Bxf4 19. Rxf4 Rxf7 20. Raf1 Nbd7 21.
Qc1 b6 22. cxd5 cxd5 23. Ba3 Qd8 24. Qe3 g5 25. R4f2 g4 26. Bg2 Rc8 27. Bd6 Rc6
28. Be5 Qe7 29. Bxf6 Nxf6 30. Qg5+ Kf8 31. Rxf6 1-0

[Event "XVI Festival Conca della Presolana A"]
[Site "Bratto - Castione della Presolana ITA"]
[Date "1996.08.23"]
[Round "2"]
[White "Kojic, Tigran"]
[Black "Hugony, Fabrizio"]
[Result "1/2-1/2"]
[WhiteElo "2099"]
[BlackElo "2270"]
[PlyCount "105"]
[EventDate "1996.08.22"]

1. d4 Nf6 2. g3 c5 3. d5 b5 4. Bg2 d6 5. e4 Nbd7 6. Ne2 g6 7. O-O Bg7 8. h3 O-O
9. Be3 Bb7 10. c3 Ne8 11. Qc2 e6 12. dxe6 fxe6 13. Nd2 Nc7 14. c4 a6 15. Rad1
Rb8 16. cxb5 axb5 17. Nf3 Qe7 18. Bf4 e5 19. Bg5 Bf6 20. Bh6 Rfd8 21. Nh2 Ne6
22. Ng4 Bg7 23. Bxg7 Nxg7 24. f4 exf4 25. gxf4 Nf6 26. Nxf6+ Qxf6 27. Nc3 Ne6
28. Nd5 Bxd5 29. Rxd5 Nxf4 30. Qd2 g5 31. h4 h6 32. hxg5 hxg5 33. Rf5 Qd4+ 34.
Qxd4 Ne2+ 35. Kh2 Nxd4 36. Rxg5+ Kh8 37. Rf6 Rb7 38. Kg3 Rg7 39. Rh6+ Kg8 40.
Kg4 Rdd7 41. Rhg6 Rxg6 42. Rxg6+ Rg7 43. Rxg7+ Kxg7 44. Kf4 Kf6 45. Bf1 b4 46.
Bc4 Nc6 47. Bd5 Ne5 48. a4 bxa3 49. bxa3 Nd3+ 50. Ke3 Nb2 51. Bb3 Ke5 52. a4 c4
53. Bc2 1/2-1/2

[Event "XVI Festival Conca della Presolana A"]
[Site "Bratto - Castione della Presolana ITA"]
[Date "1996.08.23"]
[Round "2"]
[White "Lanzani, Mario"]
[Black "Pagnoncelli, Marco"]
[Result "1-0"]
[WhiteElo "2355"]
[BlackElo "2105"]
[PlyCount "77"]
[EventDate "1996.08.22"]

1. e4 c5 2. Nf3 d6 3. c3 Nf6 4. h3 Nc6 5. Bd3 g6 6. Bc2 Bg7 7. O-O O-O 8. d4
cxd4 9. cxd4 e5 10. d5 Ne7 11. Nc3 Ne8 12. Kh2 f5 13. Ng5 f4 14. Ne6 Bxe6 15.
dxe6 Nc7 16. Bb3 Kh8 17. Bd5 Nc6 18. b4 Rb8 19. b5 Nd4 20. Qa4 Ncxe6 21. Bxe6
Nxe6 22. Qxa7 Nc5 23. Qa3 Ra8 24. Qb4 Qh4 25. f3 Nd3 26. Qb3 g5 27. Ne2 Nc5 28.
Qd5 Rf6 29. a4 Raf8 30. Ra3 b6 31. Bd2 Ne6 32. a5 bxa5 33. Bxa5 g4 34. fxg4 f3
35. Raxf3 Rxf3 36. gxf3 Bh6 37. Qxe6 Bf4+ 38. Nxf4 exf4 39. Bc3+ 1-0

[Event "XVI Festival Conca della Presolana A"]
[Site "Bratto - Castione della Presolana ITA"]
[Date "1996.08.23"]
[Round "2"]
[White "Lovati, Paolo"]
[Black "Ortega, Lexy"]
[Result "1-0"]
[WhiteElo "1981"]
[BlackElo "2495"]
[PlyCount "99"]
[EventDate "1996.08.22"]

1. Nf3 d6 2. g3 e5 3. c4 f5 4. d3 Nf6 5. Nc3 Be7 6. Bg2 O-O 7. O-O Kh8 8. Bd2
c6 9. Qc2 Qe8 10. c5 Qh5 11. cxd6 Bxd6 12. Qa4 Na6 13. Qh4 Qe8 14. Rac1 Nc7 15.
Rfe1 Nh5 16. Qa4 Ne6 17. b4 Nd4 18. e3 Ne6 19. Ne2 Nf6 20. Nh4 Nc7 21. Qb3 e4
22. f4 exf3 23. Nxf3 Be6 24. Qb2 Rd8 25. Ned4 Bc8 26. e4 fxe4 27. dxe4 Ng4 28.
Nf5 Bxf5 29. exf5 Qh5 30. h3 Nf6 31. g4 Qf7 32. Ng5 Qg8 33. Ne6 Nxe6 34. fxe6
Be7 35. b5 cxb5 36. Bb4 Rfe8 37. Bxe7 Rxe7 38. g5 Ne8 39. Qxb5 Rxe6 40. Qxb7
Rxe1+ 41. Rxe1 Nd6 42. Qxa7 Nf5 43. Qc7 Nh4 44. Bb7 Rf8 45. Qe7 Rf7 46. Qb4 Qd8
47. Qxh4 Qb6+ 48. Kh2 Qc7+ 49. Qg3 Rf2+ 50. Bg2 1-0

[Event "XVI Festival Conca della Presolana A"]
[Site "Bratto - Castione della Presolana ITA"]
[Date "1996.08.23"]
[Round "2"]
[White "Magalotti, Andrea"]
[Black "Belakovskaia, Anjelina"]
[Result "0-1"]
[WhiteElo "2100"]
[BlackElo "2350"]
[PlyCount "112"]
[EventDate "1996.08.22"]

1. c4 Nf6 2. Nc3 g6 3. g3 Bg7 4. Bg2 c5 5. Nf3 Nc6 6. d4 cxd4 7. Nxd4 O-O 8.
O-O Nh5 9. Nc2 d6 10. e4 Be6 11. Nd5 Qd7 12. Re1 Bg4 13. f3 Bh3 14. Bh1 Ne5 15.
Nce3 e6 16. Nc3 Qc6 17. Qb3 Rac8 18. f4 Nxc4 19. e5 d5 20. Nxc4 Qxc4 21. Qxb7
Rc7 22. Qb5 f6 23. Qxc4 Rxc4 24. Nxd5 fxe5 25. Ne3 Rc7 26. fxe5 Bxe5 27. Bg2
Bxg2 28. Kxg2 Bd4 29. Re2 Rfc8 30. Bd2 Bxb2 31. Rf1 Bc3 32. Bxc3 Rxc3 33. Ng4
Rc2 34. Rff2 Rxe2 35. Rxe2 Kf7 36. Ne5+ Ke7 37. Rb2 Rc7 38. Kh3 Nf6 39. Kh4 Kd6
40. Nf3 Rc4+ 41. Kg5 Ng8 42. Rb8 Rc5+ 43. Kf4 Nf6 44. Rd8+ Ke7 45. Rd2 g5+ 46.
Ke3 g4 47. Nd4 e5 48. Ne2 Nd5+ 49. Kd3 Ke6 50. Rb2 Nb6 51. Rb4 Kf5 52. Rb3 Rd5+
53. Ke3 Nc4+ 54. Kf2 Rd2 55. Rc3 Nd6 56. Rc7 Nb5 0-1

[Event "XVI Festival Conca della Presolana A"]
[Site "Bratto - Castione della Presolana ITA"]
[Date "1996.08.23"]
[Round "2"]
[White "Marinescu, Marian"]
[Black "Vita, Fabrizio"]
[Result "1-0"]
[WhiteElo "2130"]
[BlackElo "2013"]
[PlyCount "47"]
[EventDate "1996.08.22"]

1. d4 Nf6 2. Nf3 g6 3. Bg5 Bg7 4. Nbd2 O-O 5. e4 d6 6. Bc4 c6 7. Qe2 Qc7 8. e5
dxe5 9. dxe5 Nd5 10. O-O Bf5 11. c3 Nd7 12. Rfe1 e6 13. Nb3 b5 14. Bxd5 exd5
15. Nbd4 Be6 16. Be7 Rfe8 17. Bd6 Qd8 18. Nxc6 Qc8 19. Ncd4 a6 20. Ng5 Nc5 21.
Qf3 Ra7 22. b4 Nb7 23. Ndxe6 Nxd6 24. Nxg7 1-0

[Event "XVI Festival Conca della Presolana A"]
[Site "Bratto - Castione della Presolana ITA"]
[Date "1996.08.23"]
[Round "2"]
[White "Nurkic, Sahbaz"]
[Black "Griffa, Roberto"]
[Result "1-0"]
[WhiteElo "2405"]
[BlackElo "1917"]
[PlyCount "43"]
[EventDate "1996.08.22"]

1. e4 c6 2. d4 d5 3. e5 Bf5 4. Nc3 e6 5. g4 Bg6 6. Nge2 Ne7 7. Be3 h5 8. f3
hxg4 9. fxg4 Nd7 10. Nf4 c5 11. Nb5 Nc6 12. Nxg6 fxg6 13. Bd3 Ndxe5 14. dxe5
Nxe5 15. Bf4 Qa5+ 16. c3 Nxd3+ 17. Qxd3 Kd7 18. Na3 Qa4 19. O-O g5 20. Bg3 Qxg4
21. Qb5+ Kd8 22. Qxb7 1-0

[Event "XVI Festival Conca della Presolana A"]
[Site "Bratto - Castione della Presolana ITA"]
[Date "1996.08.23"]
[Round "2"]
[White "Ranieri, Fabrizio"]
[Black "Lagrotteria, Salvatore"]
[Result "1/2-1/2"]
[WhiteElo "2113"]
[BlackElo "2165"]
[PlyCount "63"]
[EventDate "1996.08.22"]

1. e4 c5 2. Nf3 Nc6 3. d4 cxd4 4. Nxd4 Nf6 5. Nc3 d6 6. Bc4 Qb6 7. Nxc6 bxc6 8.
O-O e5 9. Rb1 Be7 10. h3 O-O 11. Be3 Qc7 12. Qe2 a5 13. Rfd1 Nd7 14. Na4 Bb7
15. Qg4 Nf6 16. Qe2 d5 17. Bb6 Qc8 18. exd5 cxd5 19. Bb5 Qf5 20. Bc7 e4 21. Nb6
Ra7 22. c4 d4 23. Rxd4 Qc5 24. Nd7 Nxd7 25. Rxd7 Bc8 26. Rxe7 Qxe7 27. Bb6 Ra8
28. Qe3 Qe6 29. Rd1 Ba6 30. a4 Bb7 31. c5 Bd5 32. Qd2 1/2-1/2

[Event "XVI Festival Conca della Presolana A"]
[Site "Bratto - Castione della Presolana ITA"]
[Date "1996.08.23"]
[Round "2"]
[White "Rizzuti, Pasquale"]
[Black "Ansner, Bjorn"]
[Result "0-1"]
[WhiteElo "1774"]
[BlackElo "2110"]
[PlyCount "70"]
[EventDate "1996.08.22"]

1. e4 c5 2. Nf3 Nc6 3. d4 cxd4 4. Nxd4 g6 5. Bc4 Bg7 6. Be3 Nf6 7. Nc3 O-O 8.
f3 Qb6 9. Ncb5 a6 10. Nf5 Qd8 11. Nxg7 axb5 12. Be2 Kxg7 13. g4 d6 14. Qd2 Rg8
15. Bh6+ Kh8 16. h4 Qa5 17. c3 b4 18. Be3 bxc3 19. bxc3 Be6 20. h5 g5 21. h6
Qe5 22. Rh3 Ra3 23. Rc1 Rxa2 24. Qd3 d5 25. exd5 Nxd5 26. Bd2 Rd8 27. Qe4 Rxd2
28. Qxe5+ Nxe5 29. Rh1 Nf4 30. Ra1 Rxe2+ 31. Kf1 Nc4 32. Rh2 Rxh2 33. Kg1 Rxh6
34. Kf2 Rd2+ 35. Kg1 Rg2+ 0-1

[Event "XVI Festival Conca della Presolana A"]
[Site "Bratto - Castione della Presolana ITA"]
[Date "1996.08.23"]
[Round "2"]
[White "Rossi, Giampiero"]
[Black "Mantovani, Renzo"]
[Result "1-0"]
[WhiteElo "2105"]
[BlackElo "2360"]
[PlyCount "117"]
[EventDate "1996.08.22"]

1. d4 c5 2. dxc5 e6 3. c4 Bxc5 4. Nc3 Nf6 5. Nf3 O-O 6. a3 Nc6 7. b4 Be7 8. e3
b6 9. Be2 Qc7 10. Bb2 a5 11. b5 Nd8 12. O-O Nb7 13. Na4 Nc5 14. Nxc5 Bxc5 15.
Qc2 h6 16. Rfd1 Bb7 17. Nd2 Bd6 18. h3 Bh2+ 19. Kf1 Be5 20. Bxe5 Qxe5 21. Bf3
Rab8 22. Qd3 Rfc8 23. Bxb7 Rxb7 24. f4 Qc5 25. Rdc1 Rbc7 26. Nb3 Qh5 27. a4 d5
28. c5 bxc5 29. Nxa5 Ne4 30. Nc6 c4 31. Qa3 Qh4 32. Ra2 c3 33. Rxc3 Qg3 34.
Rcc2 Qh2 35. Ne7+ Kh7 36. Nxc8 Qh1+ 37. Ke2 Qxg2+ 38. Kd3 Qf1+ 39. Kd4 Rc4+ 40.
Ke5 Qxh3 41. Rxc4 Qf5+ 42. Kd4 dxc4 43. Ne7 e5+ 44. fxe5 Qg4 45. Kxc4 Nd6+ 46.
Kc5 Ne4+ 47. Kb6 h5 48. a5 Ng5 49. Qd3+ g6 50. Rd2 Ne6 51. a6 Qb4 52. Nc6 Qf8
53. Qd6 Qh6 54. Rd3 h4 55. a7 h3 56. a8=Q h2 57. Nd8 Ng5 58. Qdd5 Ne6 59. Nxf7
1-0

[Event "XVI Festival Conca della Presolana A"]
[Site "Bratto - Castione della Presolana ITA"]
[Date "1996.08.23"]
[Round "2"]
[White "Sgnaolin, Davide"]
[Black "Ciolac, Gheorghe"]
[Result "0-1"]
[WhiteElo "2080"]
[BlackElo "2405"]
[PlyCount "118"]
[EventDate "1996.08.22"]

1. e4 e5 2. Bc4 Nf6 3. Qe2 Nc6 4. Nf3 Be7 5. c3 O-O 6. d3 d6 7. Bb3 Na5 8. Bc2
c5 9. h3 Nc6 10. Nbd2 h6 11. Nc4 Be6 12. O-O Re8 13. Rd1 Qc7 14. Ne3 d5 15. c4
d4 16. Nd5 Qd6 17. Ba4 Nd7 18. Bd2 Bd8 19. a3 a6 20. b4 Rb8 21. b5 axb5 22.
Bxb5 f5 23. Nh2 f4 24. Rab1 Rf8 25. f3 Kh8 26. Nf1 Ra8 27. a4 Rg8 28. Kh2 Qf8
29. g4 g5 30. Be1 h5 31. Nd2 Qf7 32. Bf2 Kg7 33. Kg2 Rh8 34. Rh1 Nf8 35. Rbg1
Ng6 36. Be1 Na7 37. Nb3 Nxb5 38. axb5 b6 39. Kf2 Ra3 40. Qd1 hxg4 41. hxg4 Nh4
42. Bd2 Qa7 43. Qb1 Ra2 44. Rc1 Bc8 45. Rhg1 Kf8 46. Rh1 Rh7 47. Rh3 Ke8 48.
Rch1 Qa3 49. Qd1 Qb2 50. Ke2 Ra3 51. Nc1 Rha7 52. R3h2 Be6 53. Ke1 Qb1 54. Rf1
Ra1 55. Rff2 R7a2 56. Rh1 Rc2 57. Rhf1 Qb2 58. Re2 Rcxc1 59. Bxc1 59... Qxc1
$138 0-1

[Event "XVI Festival Conca della Presolana A"]
[Site "Bratto - Castione della Presolana ITA"]
[Date "1996.08.24"]
[Round "3"]
[White "Alberton, Roberto"]
[Black "Bresciani, Nicola"]
[Result "0-1"]
[WhiteElo "2075"]
[BlackElo "2320"]
[PlyCount "67"]
[EventDate "1996.08.22"]

1. c4 Nf6 2. Nc3 c5 3. g3 e6 4. Nf3 b6 5. Bg2 Bb7 6. O-O d6 7. Re1 a6 8. e4 Be7
9. d4 cxd4 10. Nxd4 Qc7 11. Be3 O-O 12. Rc1 Re8 13. f4 Bf8 14. g4 Nfd7 15. Bf2
Nc6 16. Nxc6 Bxc6 17. g5 Rac8 18. b3 g6 19. Ne2 Qb8 20. Ng3 Qb7 21. Bh3 b5 22.
Qd4 bxc4 23. Rxc4 Nc5 24. Qd2 Bb5 25. Rb4 Qa8 26. Rd4 Rcd8 27. Bg2 e5 28. Rd5
Bc6 29. f5 Bxd5 30. exd5 Rc8 31. b4 Nd7 32. Ne4 Rc4 33. Nf6+ Nxf6 34. gxf6 0-1

[Event "XVI Festival Conca della Presolana A"]
[Site "Bratto - Castione della Presolana ITA"]
[Date "1996.08.24"]
[Round "3"]
[White "Belakovskaia, Anjelina"]
[Black "Rossi, Giampiero"]
[Result "1-0"]
[WhiteElo "2350"]
[BlackElo "2105"]
[PlyCount "63"]
[EventDate "1996.08.22"]

1. d4 d5 2. c4 e6 3. Nc3 Nf6 4. cxd5 exd5 5. Bg5 Nbd7 6. e3 c6 7. Bd3 Be7 8.
Nge2 O-O 9. Qc2 Re8 10. O-O Nf8 11. f3 g6 12. Kh1 Ne6 13. Bh4 Ng7 14. Bf2 Bf5
15. e4 dxe4 16. fxe4 Be6 17. Nf4 Nfh5 18. Nxe6 Nxe6 19. Bc4 Bf8 20. Rad1 Qg5
21. Qd2 Qxd2 22. Rxd2 b5 23. Bb3 Nd8 24. e5 Ng7 25. g4 Bb4 26. Rd3 Bxc3 27.
Rxc3 Re7 28. Bh4 Rd7 29. Bxd8 Raxd8 30. Rxc6 Rxd4 31. Rxf7 Ne8 32. Ra6 1-0

[Event "XVI Festival Conca della Presolana A"]
[Site "Bratto - Castione della Presolana ITA"]
[Date "1996.08.24"]
[Round "3"]
[White "Bossi, Alessandro"]
[Black "Cugini, Verter"]
[Result "0-1"]
[WhiteElo "2009"]
[BlackElo "2255"]
[PlyCount "84"]
[EventDate "1996.08.22"]

1. e4 e6 2. e5 d6 3. exd6 cxd6 4. d4 d5 5. Nf3 Nf6 6. Bd3 Be7 7. O-O O-O 8. Re1
b6 9. Ne5 Ba6 10. Bxa6 Nxa6 11. Nc6 Qc7 12. Nxe7+ Qxe7 13. Bg5 Rfc8 14. Nd2 Nb4
15. c3 Nd3 16. Re3 Nxb2 17. Qc2 Nc4 18. Nxc4 Rxc4 19. Rf3 Rac8 20. Bxf6 gxf6
21. Qd2 Kf8 22. Re1 Ke8 23. h4 Kd7 24. h5 b5 25. Qh6 Rxc3 26. Rxc3 Rxc3 27.
Qxh7 Qf8 28. Rb1 a6 29. a4 b4 30. h6 a5 31. f4 f5 32. Kf2 Rc8 33. Qg7 Qxg7 34.
hxg7 Rg8 35. Rc1 Rxg7 36. Rc5 Rg8 37. Rxa5 Rb8 38. Rc5 b3 39. Rc1 Rb4 40. Rb1
Rxd4 41. Ke3 Rb4 42. g3 b2 0-1

[Event "XVI Festival Conca della Presolana A"]
[Site "Bratto - Castione della Presolana ITA"]
[Date "1996.08.24"]
[Round "3"]
[White "Campini, Marco"]
[Black "Castaldo, Folco"]
[Result "1-0"]
[WhiteElo "2123"]
[BlackElo "1987"]
[PlyCount "57"]
[EventDate "1996.08.22"]

1. e4 g6 2. d4 Bg7 3. Nc3 c6 4. f4 d5 5. e5 h5 6. Nf3 Nh6 7. Bd3 Bg4 8. Qe2 e6
9. Be3 Nd7 10. O-O Bf8 11. Rab1 Nf5 12. Qf2 Be7 13. Ng5 Nxe3 14. Qxe3 Bf5 15.
h4 a6 16. Ne2 c5 17. c3 Qb6 18. b4 cxb4 19. cxb4 Bxd3 20. Qxd3 Kf8 21. Kh1 Kg7
22. Nc3 Rac8 23. Na4 Qc6 24. Nc5 Bxc5 25. bxc5 Rc7 26. Rf3 Ra8 27. Rg3 Rf8 28.
Re1 Qb5 29. Nxe6+ 1-0

[Event "XVI Festival Conca della Presolana A"]
[Site "Bratto - Castione della Presolana ITA"]
[Date "1996.08.24"]
[Round "3"]
[White "Ciolac, Gheorghe"]
[Black "Ansner, Bjorn"]
[Result "1-0"]
[WhiteElo "2405"]
[BlackElo "2110"]
[PlyCount "67"]
[EventDate "1996.08.22"]

1. e4 c5 2. Nf3 Nc6 3. d4 cxd4 4. Nxd4 g6 5. Nc3 Bg7 6. Nde2 Nf6 7. g3 O-O 8.
Bg2 d6 9. O-O Bd7 10. h3 Rc8 11. a4 Nb4 12. Be3 a5 13. Rc1 Bc6 14. Nd4 d5 15.
e5 Ne8 16. f4 e6 17. Ncb5 Na6 18. Na7 Rc7 19. b3 Qa8 20. Nab5 Rd7 21. h4 Nec7
22. h5 Rb8 23. hxg6 hxg6 24. Qg4 Kf8 25. Kf2 b6 26. Rh1 Bxb5 27. axb5 Nc5 28.
Bf3 Ne4+ 29. Kg2 Nc3 30. Rh7 N3xb5 31. Nxb5 Nxb5 32. Qh4 Nc7 33. Rxg7 Kxg7 34.
Qf6+ 1-0

[Event "XVI Festival Conca della Presolana A"]
[Site "Bratto - Castione della Presolana ITA"]
[Date "1996.08.24"]
[Round "3"]
[White "Everet, Alexandro"]
[Black "Rizzuti, Pasquale"]
[Result "1-0"]
[WhiteElo "2130"]
[BlackElo "1774"]
[PlyCount "99"]
[EventDate "1996.08.22"]

1. e4 c5 2. Nf3 e6 3. c3 d5 4. e5 f5 5. d4 cxd4 6. cxd4 Bb4+ 7. Bd2 Bxd2+ 8.
Nbxd2 Nc6 9. Bd3 Nh6 10. h3 Nf7 11. g4 g6 12. gxf5 exf5 13. h4 a5 14. Bb5 h6
15. Rc1 Qb6 16. Qa4 Nfd8 17. Rg1 Rg8 18. Nb3 Be6 19. Nc5 Rc8 20. Kd2 Ke7 21.
Nb3 Bd7 22. Rc3 Ne6 23. Rgc1 Nxe5 24. Nxe5 Bxb5 25. Qa3+ Kf6 26. Rxc8 Rxc8 27.
Rxc8 Nxd4 28. Rc6+ Bxc6 29. Qd6+ Ne6 30. Nd7+ Bxd7 31. Qxb6 a4 32. Nc5 Bc8 33.
Nxe6 Bxe6 34. Qxb7 f4 35. Qb4 g5 36. h5 a3 37. Qxa3 g4 38. Qf8+ Kg5 39. Qe7+
Kxh5 40. Qxe6 d4 41. Qe5+ Kh4 42. Qxf4 h5 43. Qxd4 Kh3 44. Qe3+ Kg2 45. Qg3+
Kf1 46. Ke3 h4 47. Qxg4 h3 48. Qxh3+ Kg1 49. Qg4+ Kh2 50. Qf3 1-0

[Event "XVI Festival Conca della Presolana A"]
[Site "Bratto - Castione della Presolana ITA"]
[Date "1996.08.24"]
[Round "3"]
[White "Genocchio, Daniele"]
[Black "Caruso, Daniele"]
[Result "1-0"]
[WhiteElo "2131"]
[BlackElo "2155"]
[PlyCount "69"]
[EventDate "1996.08.22"]

1. e4 e6 2. d4 d5 3. e5 c5 4. c3 Nc6 5. Be3 cxd4 6. cxd4 Nge7 7. Nf3 Nf5 8. Nc3
Be7 9. Bd3 Nxe3 10. fxe3 Bd7 11. O-O f5 12. exf6 Bxf6 13. Ng5 Qe7 14. Qh5+ Kd8
15. Nf7+ Kc7 16. Nb5+ Kb6 17. Nxh8 Rxh8 18. Nc3 a6 19. Na4+ Ka7 20. Nc5 Be8 21.
Qg4 e5 22. Rae1 e4 23. Bxa6 bxa6 24. Qc8 Nb8 25. Rc1 a5 26. Rc3 Bb5 27. Qxh8
Bxf1 28. Kxf1 Qf7 29. Ke1 Nc6 30. Qc8 Bxd4 31. Qa6+ Kb8 32. Qb6+ Ka8 33. Qxc6+
Ka7 34. Qa6+ Kb8 35. Rb3+ 1-0

[Event "XVI Festival Conca della Presolana A"]
[Site "Bratto - Castione della Presolana ITA"]
[Date "1996.08.24"]
[Round "3"]
[White "Griffa, Roberto"]
[Black "Dinser, Hans"]
[Result "1/2-1/2"]
[WhiteElo "1917"]
[BlackElo "2165"]
[PlyCount "86"]
[EventDate "1996.08.22"]

1. d4 d5 2. c4 c6 3. cxd5 cxd5 4. Nf3 Nf6 5. Nc3 Nc6 6. Bf4 e6 7. e3 Bb4 8. Qb3
O-O 9. Bb5 Ne4 10. Bxc6 Bxc3+ 11. bxc3 bxc6 12. Nd2 Nxd2 13. Kxd2 Ba6 14. Bg3
Bc4 15. Qc2 h5 16. h4 Qf6 17. Ke1 Rfc8 18. Be5 Qe7 19. Rh3 f6 20. Bf4 Qf7 21.
Rg3 f5 22. Be5 g6 23. f4 Kh7 24. Rb1 a5 25. Qb2 Ra7 26. a4 Bd3 27. Qb8 Qd7 28.
Rb2 Ba6 29. Qd6 Qxd6 30. Bxd6 Rd8 31. Be5 Rb7 32. Rxb7+ Bxb7 33. Rf3 Rd7 34.
Rf2 Ba6 35. Rb2 Rb7 36. Rxb7+ Bxb7 37. Bc7 Kg7 38. Bxa5 Kf7 39. Kd2 Ba6 40. Bc7
Ke7 41. Kc2 Kd7 42. Be5 Bc4 43. Kb2 c5 1/2-1/2

[Event "XVI Festival Conca della Presolana A"]
[Site "Bratto - Castione della Presolana ITA"]
[Date "1996.08.24"]
[Round "3"]
[White "Hugony, Fabrizio"]
[Black "Pagnoncelli, Marco"]
[Result "1-0"]
[WhiteElo "2270"]
[BlackElo "2105"]
[PlyCount "47"]
[EventDate "1996.08.22"]

1. e4 c5 2. Nf3 d6 3. d4 cxd4 4. Nxd4 Nf6 5. Nc3 g6 6. Be3 Bg7 7. Be2 Nc6 8. f4
O-O 9. g4 Nxg4 10. Bxg4 Bxd4 11. Bxd4 Bxg4 12. Qxg4 Nxd4 13. O-O-O Nc6 14. h4
h5 15. Qf3 Kh7 16. Rhg1 Rh8 17. e5 Qb6 18. exd6 exd6 19. Nd5 Qc5 20. Rg5 Nd4
21. Qd3 Nf5 22. Rxf5 gxf5 23. Qxf5+ Kh6 24. Qg5+ 1-0

[Event "XVI Festival Conca della Presolana A"]
[Site "Bratto - Castione della Presolana ITA"]
[Date "1996.08.24"]
[Round "3"]
[White "Lagrotteria, Salvatore"]
[Black "Lovati, Paolo"]
[Result "0-1"]
[WhiteElo "2165"]
[BlackElo "1981"]
[PlyCount "100"]
[EventDate "1996.08.22"]

1. Nf3 d5 2. d4 Nf6 3. c4 e6 4. Nc3 Bb4 5. Qb3 c5 6. Bg5 h6 7. Bxf6 Qxf6 8.
cxd5 exd5 9. e3 Nc6 10. a3 Bxc3+ 11. bxc3 c4 12. Qb5 Qd6 13. Be2 Bd7 14. Qb1
O-O 15. O-O Rab8 16. Nd2 f5 17. f3 Rbe8 18. e4 Qf4 19. Qb2 fxe4 20. Rfe1 e3 21.
Nf1 Na5 22. Qb4 Nb3 23. Qxb7 Qd6 24. Qb4 Qc6 25. a4 a5 26. Qa3 Nxa1 27. Rxa1
Re6 28. g4 Qd6 29. Qc1 Rb8 30. Ng3 Ree8 31. Qc2 Rb3 32. Bd1 Reb8 33. Nf5 Qf6
34. Nxe3 Rb2 35. Qc1 Qf4 36. Bc2 Qxf3 37. Qd2 Bxg4 38. Rf1 Qe2 39. Qc1 Be6 40.
Rf2 Qh5 41. Nf5 Qg4+ 42. Kh1 Bxf5 43. Bxf5 Qg5 44. Be6+ Kh8 45. Qxg5 hxg5 46.
Rxb2 Rxb2 47. Bxd5 Rc2 48. Bxc4 Rxc3 49. Bb5 Rc1+ 50. Kg2 Rd1 0-1